[Event "Barcelona Sant Marti op-B 20th"]
[Site "Barcelona"]
[Date "2018.07.15"]
[Round "3"]
[White "Gordillo Bretones, Jose Luis"]
[Black "Fungueirino Pique, Daniel"]
[Result "0-1"]
[WhiteElo "1543"]
[BlackElo "1740"]
[PlyCount "80"]
[EventDate "2018.07.13"]
[EventType "swiss"]
[EventRounds "9"]
[EventCountry "ESP"]
[SourceTitle "EXT 2019"]
[Source "ChessBase"]
[SourceDate "2018.10.10"]
[SourceVersion "1"]
[SourceVersionDate "2018.10.10"]
[SourceQuality "1"]

1. e4 e6 2. Nf3 d5 3. exd5 exd5 4. d4 Nf6 5. Bg5 Be7 6. Be2 0-0 7. 0-0 Bf5 8. Nbd2 h6 9. Bxf6 Bxf6 10. Nb3 b6 11. a4 a5 12. c4 dxc4 13. Bxc4 Nc6 14. Bb5 Nb4 15. Rc1 Rc8 16. Na1 Qd6 17. Ne5 Bxe5 18. dxe5 Qxe5 19. Re1 Qf6 20. Rc3 Rfd8 21. Qf3 Qg6 22. h3 Nd5 23. Rc6 Nf6 24. Rc3 c5 25. Nb3 Be6 26. Bd3 Qg5 27. Bc4 Bxc4 28. Rxc4 Qd5 29. Qf4 Re8 30. Rec1 Re6 31. R4c3 Rce8 32. R1c2 Re1+ 33. Kh2 Qd1 34. Qf3 Rh1+ 35. Kg3 Qg1 36. Kf4 Qh2+ 37. g3 Qxh3 38. g4 Qh4 39. Rxc5 Re4+ 40. Qxe4 Qxg4+ 0-1

[Event "Foment Martinenc op-C 19st"]
[Site "Barcelona"]
[Date "2017.05.06"]
[Round "3.41"]
[White "Gordillo Bretones, Jose Luis"]
[Black "Lloansi Gelabert, Elia"]
[Result "1/2-1/2"]
[WhiteElo "1700"]
[BlackElo "1615"]
[PlyCount "87"]
[EventDate "2017.04.22"]
[EventType "swiss"]
[EventRounds "9"]
[EventCountry "ESP"]
[SourceTitle "EXT 2024"]
[Source "ChessBase"]
[SourceDate "2023.10.10"]
[SourceVersion "1"]
[SourceVersionDate "2023.10.10"]
[SourceQuality "1"]

1. e4 e5 2. Nf3 Nc6 3. c3 Nf6 4. Bc4 Bc5 5. d3 d6 6. Bb3 Bg4 7. 0-0 0-0 8. Nbd2 Qe7 9. Re1 h6 10. Nf1 a6 11. Ng3 Qd7 12. h3 Bh5 13. Nxh5 Nxh5 14. Nh4 Nf6 15. Nf5 Ne7 16. Qf3 Nxf5 17. Qxf5 Qxf5 18. exf5 Nd7 19. Be3 Bxe3 20. Rxe3 Kh8 21. g4 f6 22. f3 c6 23. Rae1 d5 24. d4 Rfe8 25. dxe5 Nxe5 26. f4 Nf3+ 27. Kf2 Nxe1 28. Rxe1 Rxe1 29. Kxe1 Re8+ 30. Kf2 Re4 31. Kf3 Re1 32. h4 Rb1 33. g5 Rxb2 34. c4 d4 35. c5 d3 36. Ke3 Re2+ 37. Kxd3 Rh2 38. gxh6 gxh6 39. Be6 Rxh4 40. Bc8 Rxf4 41. Bxb7 Rxf5 42. Kd4 h5 43. Bxc6 h4 44. Bd7 1/2-1/2